Prototipos en el territorio

Uloženo v:
Podrobná bibliografie
Hlavní autor: Zegers, Cazú (Autor)
Médium: Kniha
Jazyk:španělština
Vydáno: Santiago, Chile ARQ 2008
Edice:Monografías de Arquitectura Chilena Contemporánea, 20
Témata:
Tagy: Přidat tag
Žádné tagy, Buďte první, kdo vytvoří štítek k tomuto záznamu!

MARC

LEADER 00000nam a2200000 a 4500
001 UCH3685
003 CL-VaPUC
005 20241029162049.0
008 090813e20080000CL |||||||||||||||||spa|d
999 |c 335162  |d 335160 
020 |a 9789561410312 
040 |c Pontificia Universidad Católica de Valparaíso 
082 0 4 |a 724.6 ZEG 2008  |2 21 
100 0 |a Zegers, Cazú  |e author  |9 539190 
245 1 0 |a Prototipos en el territorio 
260 |a Santiago, Chile  |b ARQ  |c 2008 
300 |a 143 páginas 
490 0 |a Monografías de Arquitectura Chilena Contemporánea,  |v  20 
583 |a last modification  |c 20090813 00:00:00  |k Rodrigo Vera 
650 0 |a Diseño arquitectónico   |9 265271 
650 0 |a Historia del arte  |9 314877 
650 0 |a Arquitectos chilenos  |9 451494 
650 0 |a Ciudad Abierta  |9 390391 
942 |c BK  |2 ddc 
945 |d 20090813 00:00:00  |a cmena 
952 |0 0  |1 0  |2 ddc  |4 0  |6 724_600000000000000_ZEG_2008  |7 0  |8 R  |9 424825  |a BIBARQ  |b BIBARQ  |d 2019-11-22  |i 458872K  |l 2  |m 1  |o 724.6 ZEG 2008  |p 458872K  |r 2025-01-20  |s 2023-08-08  |t 1  |w 2019-11-22  |y BK_R  |k ARQ